| 000 | 00598nam a22001697a 4500 | ||
|---|---|---|---|
| 003 | NUST | ||
| 038 | _aNusrat Nadeem | ||
| 082 | _a200 | ||
| 100 |
_aAbad, Bushra _9125303 |
||
| 245 |
_aGamified learning in the Metaverse: Enhancing school-student’s Conceptual grasp of Mathematical topics/ _cBushra Abad, |
||
| 264 |
_aIslamabad; _bSEECS NUST; _c2024. |
||
| 300 |
_a65,p; _bill; _c30,cm. |
||
| 650 |
_aMS- Innovative Technologies in Learning (ITL) _9123745 |
||
| 700 |
_aSupervisor: Dr. Arham Muslim _9104694 |
||
| 856 | _u http://10.250.8.41:8080/xmlui/handle/123456789/45717 | ||
| 942 |
_2ddc _cSC |
||
| 999 |
_c611061 _d611061 |
||